000 00941nam0a22002651 4500
001 v19\rc\1344798
005 20260406191748.0
035 _a(NLR Aleph) 004491943
090 _a4653878
_c4653878
100 _a20060512f18601869|||y0rusy50 ca
101 0 _arus
102 _aRU
105 _ay b |||||
200 1 _aКаталог дублетам и другим сочинениям Библиотеки Главного штаба, предназначенным к исключению
210 _a[Санкт-Петербург
_d186-?]
215 _a434 с.
309 _aБез тит. л. и обл.
309 _aНаписано от руки. Литогр.
710 0 1 _aРоссия
_bГлавный штаб
_bБиблиотека
_3RU\NLR\AUTH\889954035
_9404041
801 0 _aRU
_bNLR
_gpsbo
801 0 _aRU
_bRuMoRGB
_2psbo
801 1 _aRU
_bProSoft-M
_2rusmarc
852 _aNLR
_bБ
_j9680/П-29
942 _cBOOK
980 _aNB